000 00576nam a2200193 a 4500
001 6985
003 CO-ViMGA
008 141112s2004 ck r 000 u spa d
040 _aCO-ViMGA
_bspa
_cCO-ViMGA
082 0 4 _a650.1 H424
100 1 _aHickman, Craig R
_96017
245 1 0 _aEl pensamiento práctico en los negocios :
_b50 preguntas inteligentes que se hacen los que tienen exito en los negocios
260 _aBarcelona :
_bGranica,
_c1993
300 _a357 p
490 _aManagement
650 1 4 _aEXITO ADMINISTRATIVO
_96018
650 1 4 _aNEGOCIOS
942 _2ddc
_cBK
999 _c18952
_d18952